The Asian pacific rim and globalization: enterprise, government and territoriality (Record no. 378069)

000 -LEADER
fixed length control field 00501cam a22001577a 4500
008 - FIXED-LENGTH DATA ELEMENTS--GENERAL INFORMATION
fixed length control field 180718b1995 xxu||||| |||| 00| 0 eng d
020 ## - INTERNATIONAL STANDARD BOOK NUMBER
International Standard Book Number 1856288943
082 ## - DEWEY DECIMAL CLASSIFICATION NUMBER
Classification number T19 H432
245 ## - TITLE STATEMENT
Title The Asian pacific rim and globalization: enterprise, government and territoriality
Statement of responsibility, etc. edited by Richard Le Heron and Sam Ock Park
260 ## - PUBLICATION, DISTRIBUTION, ETC.
Place of publication, distribution, etc. Aldershot
Name of publisher, distributor, etc. Avebury
Date of publication, distribution, etc. 1995
300 ## - PHYSICAL DESCRIPTION
Extent 188p.
650 ## - SUBJECT ADDED ENTRY--TOPICAL TERM
Topical term or geographic name entry element Globalization
650 ## - SUBJECT ADDED ENTRY--TOPICAL TERM
Topical term or geographic name entry element Asia - Economic policy
700 ## - ADDED ENTRY--PERSONAL NAME
Personal name Park, Sam Ock
700 ## - ADDED ENTRY--PERSONAL NAME
Personal name Heron, Richard Le
Holdings
Withdrawn status Lost status Damaged status Not for loan Permanent Location Current Location Date acquired Full call number Barcode Date last seen Price effective from Koha item type
        Indian Institute of Public Administration Indian Institute of Public Administration 1995-09-29 T19 H432 69743 2018-07-21 2018-07-21 Book

Powered by Koha